|
|
|
|
| LEADER |
00000cam a2200000 a 4500 |
| 001 |
103796 |
| 003 |
Ucuenca |
| 005 |
20230308160836.0 |
| 008 |
000000|2004 ec |||||r|||||||||||spa|| |
| 040 |
|
|
|b spa
|
| 041 |
0 |
|
|a spa
|
| 082 |
0 |
|
|a 340
|
| 110 |
1 |
|
|a Colegio de Abogados de Loja
|9 21617
|
| 245 |
|
|
|a Jornadas Académicas
|c Colegio de Abogados de Loja
|h imp
|
| 264 |
|
|
|a Loja
|b Colegio de Abogados de Loja
|c 2004
|
| 300 |
|
|
|a 124 páginas:
|c 21 cm
|
| 520 |
3 |
|
|a Contiene: Ley de casación. Ley de procedimiento civil. Reforma judicial
|
| 650 |
|
|
|a Procedimiento civil
|9 21618
|
| 650 |
|
|
|a Casacion
|9 21619
|
| 650 |
|
|
|a Proceso civil
|9 21620
|
| 650 |
|
|
|a Reforma judicial
|9 21621
|
| 852 |
|
|
|a UC-CDJBV
|f Donación
|l 1
|m General
|p 00000000
|q 1.00
|r 2
|t 103796
|b 0
|d CDRC
|e CDRC
|g 340 PRIMER PISO
|z 0000-00-00
|
| 942 |
|
|
|c BK
|2 ddc
|z diana.fajardo@ucuenca.edu.ec
|
| 999 |
|
|
|c 12516
|d 12516
|